Guess the Laufey song with no hints ~1 - Statistics

General Stats
  • This quiz has been taken 219 times
  • The average score is 102 of 193
Answer Stats
Answer % Correct
I
96%
A
92%
a
92%
love
90%
you
89%
me,
83%
me
83%
me?
83%
the
80%
be
76%
in
73%
In
73%
to
73%
And
72%
my
71%
So
66%
so
66%
on
63%
your
63%
when
61%
When
61%
that
59%
I'm
55%
What
55%
of
53%
have
52%
Fell
51%
fell
51%
night
51%
just
50%
fall
49%
were
49%
done
47%
here
47%
Let
47%
now
47%
but
46%
are
45%
God,
45%
I'll
45%
lovesick
45%
wish
45%
got
44%
skin
44%
right
43%
hair
42%
Oh,
42%
you're
42%
gold
41%
wind
41%
caught
40%
morning,
40%
not
40%
rays
40%
you'll
40%
much
39%
choir
38%
three
38%
with
38%
would
38%
alone
37%
away
37%
head
37%
lips
37%
memory
37%
sang
37%
bed
36%
Floorboards
36%
home
36%
creaking
35%
days
35%
hold
35%
nights
35%
atmosphere
34%
closer,
34%
I'd
34%
melancholic
34%
still
34%
slip
33%
(Ah-ah
32%
ah-ah
32%
ah-ah)
32%
fear
32%
gone
32%
haunting
32%
hymn
32%
last
32%
November
32%
silence
32%
somehow
32%
Deathly
31%
mourning,
31%
Those
31%
tryin'
31%
dead
30%
sleep
30%
unlike
30%
Inching
28%
until
28%
Dreams
27%
Getting
25%
spent
25%
nightmares
23%
twisted
23%
Since
21%
(mm,
12%
mm-mm)
12%
No matching quizzes found
Score Distribution
Percent of People with Each Score
Percentile by Number Answered
Your Score History
You have not taken this quiz